| 000 | 01149cam a2200349 i 4500 | ||
|---|---|---|---|
| 999 |
_c1396 _d1396 |
||
| 001 | 21688399 | ||
| 003 | OSt | ||
| 005 | 20221229102832.0 | ||
| 006 | m |o d | | ||
| 007 | cr|||||||||||| | ||
| 008 | 170105t20182018mnua jo 001 0 eng | ||
| 010 | _a 2019724029 | ||
| 020 |
_qlib. bdg. _a9781532120480 |
||
| 040 |
_aDLC _beng _erda _cDLC _dDLC _dKH8 |
||
| 082 | 0 | 0 |
_a631.4 RIV _223 |
| 100 | 1 |
_aRivera, Andrea, _eauthor. |
|
| 245 | 1 | 0 |
_aSoils / _cAndrea Rivera. |
| 264 | 1 |
_aMinneapolis, Minnesota : _bAbdo Zoom, _c[2018] |
|
| 264 | 4 | _c©2018 | |
| 300 | _a1 online resource. | ||
| 336 |
_atext _btxt _2rdacontent |
||
| 337 |
_acomputer _bc _2rdamedia |
||
| 338 |
_aonline resource _bcr _2rdacarrier |
||
| 490 | 0 | _aZoom in on rocks and minerals | |
| 500 | _aIncludes index. | ||
| 588 | _aDescription based on print version record. | ||
| 650 | 0 |
_aSoils _vJuvenile literature. |
|
| 776 | 0 | 8 |
_iPrint version: _tSoils _dMinneapolis, Minnesota : Abdo Zoom, [2018] _z9781532120480 (lib. bdg.) _w(DLC) 2017930229 |
| 906 |
_a7 _bcbc _corigcop _d1 _eecip _f20 _gy-gencatlg |
||
| 942 |
_2ddc _cNFIC |
||